1101 1034 1387 1089 1954 1685 1424 1687 1720 1965 1085 1772 1488 1747 1145 1222 1175 1867 1535 1995 1554 1219 1220 1728 1055 1823 1837 1918 1621 1806 1458 1013 1284 1195 1837 1308 1870 1367 1433 1030 1787 1631 1447 1949 1212 1836 1782 1304 1730 1886 1690 1957 1721 1649 1420 1644 1533 1830 1822 1049 1532 1706 1734 1379 1509 1030 1458 1759 1312 1334 1087 1939 1252 1601 1547 1109 1534 1393 1824 1733 1036 1533 1751 1675 1700 1795 1987 1407 1501 1313 1658 1127 1236 1461 1292 1393 1958 1824 1217 BCNSPRNW ULIB Ver.6.0+V

เปลี่ยนเป็นภาษาไทย

Change to English
 แสดงรายละเอียดบรรณานุกรม
  กลับหน้าหลัก

Brief Record : Get Marc (ISO 2709) : E-mail record : QR code < ปิดหน้าต่าง
LEADER : 00000nam 2200000uu 4500
001    13399123213
003     ULIB
008    020711s2551 th a 000 0 tha d
020    9789740677864
090    นว.^bก635ร
100    กิ่งพยอม
245    รักก้นขวิดพิชิตใจเธอ /^cกิ่งพยอม
250    พิมพ์ครั้งที่ 1
260    กรุงเทพฯ :^bนกฮูก,^c2551
300    287 หน้า;^b21 ซม.
710    นกฮูก
945    ^p0^l0^i20349
999    ^aทศพร เกษรทอง
รายการนี้ยังไม่มีแท็ก
คุณยังไม่ได้ล็อกอิน คุณสามารถมีกิจกรรมร่วมกับเว็บไซต์ได้ แต่ต้องล็อกอินก่อน ::
  ล็อกอิน

รายการสื่อสารสนเทศ

ลำดับที่ ประเภท เลขเรียก/บาร์โค้ด สถานที่ สถานะ
1. นวนิยาย
นวนิยาย
นว. ก635ร ฉ.1 
  Barcode: 20349
ห้องสมุดวิทยาเขตนครสวรรค์
►นวนิยาย:l:Fiction
บนชั้น

รายการใกล้เคียง
    ผู้แต่ง [กิ่งพยอม]

BibComment


ยังไม่เคยถูกคอมเมนท์

คอมเมนท์ทรัพยากรรายการนี้
  คอมเมนท์: รักก้นขวิดพิชิตใจ..


 Copyright 2026. Bcnsprnw @Library